LEADER 00974nam a2200217 u 4500 001 000000049967 003 CaOOAMICUS 005 20070226115153.0 008 000717s1962 it u000 u ita u 035 $a10852406 040 $aPUL(R)$bita 100 1 $aDeambrogio, Giovanni.$0(OLS)http://pul/name/35971 245 10$aDue terre vercellesi e sabaude :$bsulla sponda sinistra del fiume Sesia : (Recetto e Cassinale) /$cGiovanni Deambrogio. 260 $aVercelli :$bTip. S.E.T.E.,$c[1962] 300 $a51 p. ;$c24 cm 651 4$aPiemonte$xStoria.$0(OLS)http://pul/subject/6221 850 $aPUL 852 $aPUL$W1$xDP1 Fondo Maccarrone$y58$m1517 E 3$j66298$nBK-PRI$b $qFondi$B66298$CPULBib$Z2$F66298 $H $81 941 1 $a1 996 $6245$aDue terre vercellesi e sabaude :$bsulla sponda sinistra del fiume Sesia : (Recetto e Cassinale)$9(OLS)http://pul/title/67303 996 $6260$aVercelli :$bTip. S.E.T.E.$9(OLS)http://pul/publisher/67521 LEADER 01574nam a2200337 a 4500 001 000000159213 003 CaOOAMICUS 005 20170302094949.0 008 170302s2017 be u000 u eng r 020 $a978-90-429-3240-1* 032 $aLibriCat 040 $aPUL$bita 041 0 $aeng$alat 245 00$aAnonymi introductiones montane maiores /$can edition of the text with an introduction, notes and indices by Egbert P. Bos and Joke Spruyt. 260 $aLeuven, Paris, Bristol :$bPeeters,$c2017$aLouvain :$bInstitut Supérieur de Philosophie 300 $alii, 332 p. ;$c24 cm. 490 1 $aPhilosophes médiévaux ;$v63 500 $aIntroduzione in inglese, passi in latino. 504 $aContiene riferimenti bibliografici ed indice. 650 4$aLogica$xTrattati.$0(OLS)http://pul/subject/21803 700 1 $aSpruyt, Joke.$0(OLS)http://pul/name/101755 700 1 $aBos, Egbert P.,$d1947-$0(OLS)http://pul/name/44420 830 0$aPhilosophes médiévaux ;$v63.$0(OLS)http://pul/title/165 850 $aPUL 852 $aPUL$W1$xSL Filosofia 2$y80$mPhil A3 63$j182518$qStampati Altre Collocazioni$B185726$CPULBib$Z2$F185726 $H129038 $81 941 1 $a10 996 $6020$a978-90-429-3240-1*$9(OLS)http://pul/number/162126 996 $6245$aAnonymi introductiones montane maiores$9(OLS)http://pul/title/198826 996 $6260$aLeuven, Paris, Bristol :$bPeeters$9(OLS)http://pul/publisher/83372 996 $6260$aLouvain :$bInstitut Supérieur de Philosophie$9(OLS)http://pul/publisher/53104